Normal view
MARC view
Entry Término temático
001 - NÚMERO DE CONTROL
- campo de control: 55983
003 - IDENTIFICADOR DEL NÚMERO DE CONTROL
- campo de control: OSt
005 - FECHA Y HORA DE LA ÚLTIMA TRANSACCIÓN
- campo de control: 20200615034733.0
008 - DATOS DE LONGITUD FIJA
- campo de control de longitud fija: 200615|| aca||aabn | a|a d
040 ## - FUENTE DE LA CATALOGACIÓN
- Centro catalogador/agencia de origen: OSt
- Centro/agencia transcriptor: OSt
150 ## - ENCABEZAMIENTO--TÉRMINO DE MATERIA
- Término de materia o nombre geográfico como elemento de entrada: ISLA ESPAÑOLA (HAITÍ Y REPÚBLICA DOMINICANA)
- Subdivisión general: LÍMITES
- Subdivisión general: ENSAYOS, CONFERENCIAS, ETC
670 ## - FUENTE DE DATOS ENCONTRADOS
- Cita de la fuente: Work cat.: (OSt)28575: Díaz Ordoñez, V. 23244, El más antiguo y grave problema antillano /, 1938.
